| 000 | 01333nam a2200301 i 4500 | ||
|---|---|---|---|
| 001 | 163864 | ||
| 003 | ES-MaACL | ||
| 005 | 20260204132145.0 | ||
| 008 | 050720s1905 sp | |||||||| ||cat d | ||
| 080 | _a821.134.11-7"14" | ||
| 100 | 1 |
_aRoig, Jaume. _999003 |
|
| 245 | 1 | 0 |
_aSpill o Libre de les dones / _cper Mestre Jacme [sic] Roig ; edición crítica con las variantes de todas las publicadas y las del ms. de la Vaticana ; prólogo, estudios y comentarios por Roque Chabás. |
| 246 | 3 | _aLibre de les dones | |
| 260 |
_aBarcelona : _bL'Avenç ; _aMadrid : _bLibrería de M. Murillo, _c1905. |
||
| 300 |
_aXIX, 448 p. ; _c27 cm. |
||
| 490 | 1 | _aBibliotheca hispanica | |
| 504 | _aBibliografía: p. 363-392. | ||
| 505 | 8 | _aContiene: Apéndice II: Jaime Roig como médico en su libro "Spill o Libre de les dones" / por Antonio Chabret, médico . Apéndice III: Biografía de Jaime Roig | |
| 530 | _aDisponible en formato digital. | ||
| 600 | 1 | 4 |
_aRoig, Jaume. _999003 |
| 700 | 1 |
_aChabás, Roque. _937725 |
|
| 700 | 1 |
_aChabret, Antonio. _937738 |
|
| 830 | 1 |
_aBibliotheca hispanica _9188305 |
|
| 852 |
_aES-MaACL _jB-4766 _zEncuadernación pasta española _cSPB |
||
| 856 | 4 |
_uhttp://bdh-rd.bne.es/viewer.vm?id=0000134947&page=1 _yBiblioteca Digital Hispánica |
|
| 942 | _2udc | ||
| 999 |
_c163864 _d163864 |
||